| 000 | 00835nam a22002177a 4500 | ||
|---|---|---|---|
| 999 |
_c16409 _d16409 |
||
| 003 | AR-CdUCM | ||
| 008 | 190503b ||||| |||| 00| 0 spa d | ||
| 040 |
_aMUNICIPALIDAD PROVINCIAL DEL CUSCO _cBIBLIOTECA MUNICIPAL DEL CUSCO |
||
| 041 | _heng | ||
| 082 |
_a520 / _bSC29 |
||
| 100 |
_aSchneider, Leo _935838 |
||
| 245 | _aEl espacio en tu futuro / | ||
| 260 |
_aBuenos Aires : _bACME, _c1966. |
||
| 300 |
_a226 páginas ; _bfiguras, fotografías, _c19.5 cm. |
||
| 505 | _aContenido: El mundo en que vivimos -- El sistema solar -- Las estrellas en el espacio -- Las herramientas del astrónomo -- EL hombre sale de la tierra. | ||
| 650 |
_aCiencia _92098 |
||
| 700 |
_aSchrotter, Gustav (ilustraciones y fotografías) _935839 |
||
| 700 |
_aBarbera, Manuel (traducción) _927355 |
||
| 942 |
_2ddc _cLIBROS |
||
| 945 |
_aachl _d2019-05-03 |
||